1763 1502 1110 1998 1300 1964 1408 1255 1942 1982 1573 1240 1857 1047 1198 1485 1813 1269 1696 1586 1899 1566 1228 1764 1020 1547 1849 1364 1271 1625 1467 1430 1096 1203 1965 1788 1339 1170 1176 1738 1679 1790 1072 1233 1566 1813 1969 1312 1941 1857 1304 1769 2000 1211 1873 1372 1234 1078 1316 1650 1171 1914 1705 1203 1742 1551 1706 1690 1258 1881 1850 1682 1414 1391 1073 1611 1503 1383 1751 1854 1648 1539 1724 1059 1129 1112 1192 1063 1556 1336 1495 1874 1473 1206 1845 1716 1464 1847 1483 BCNSPRNW ULIB Ver.6.0+V

เปลี่ยนเป็นภาษาไทย

Change to English
 แสดงรายละเอียดบรรณานุกรม
  กลับหน้าหลัก

Brief Record : Get Marc (ISO 2709) : E-mail record : QR code < ปิดหน้าต่าง
LEADER : 00000nam 2200000uu 4500
001    13399114030
003     ULIB
008    110719s||||||||th 000 0 tha d
020    9789748418650
099    นว.^bอ886ส 2550
100 1  โยชิคาวะ, เอจิ
245 10 สามก๊ก 1 คำสาบานในสวนท้อ/^cเอจิ โยชิคาวะ, เรื่อง ; จัน สัมฤทธิ์, แปล
250    พิมพ์ครั้งที่ 1
260    กรุงเทพฯ :^bอมรินทร์คอมมิกส์,^c2550
505 0  ล. 2. ขอพบสามหน -- ล. 3. ศึกผาแดง
650  4 สามก๊ก^xการ์ตูน
650  4 วรรณกรรมสำหรับเด็ก
650  4 วรรณกรรมจีน^xการ์ตูน
651  4 จีน^xประวัติศาสตร์^xการ์ตูน
700 0  จัน สัมฤทธิ์
945    ^p149^l0^i022049
995    ทศพร
999 ^a ใช้งานได้ทุกระบบ
รายการนี้ยังไม่มีแท็ก
คุณยังไม่ได้ล็อกอิน คุณสามารถมีกิจกรรมร่วมกับเว็บไซต์ได้ แต่ต้องล็อกอินก่อน ::
  ล็อกอิน

รายการสื่อสารสนเทศ

ลำดับที่ ประเภท เลขเรียก/บาร์โค้ด สถานที่ สถานะ
1. นวนิยาย
นวนิยาย
นว. อ886ส 2550 ฉ.1 
  Barcode: 022049
ห้องสมุดวิทยาเขตสวรรค์ประชารักษ์
►นวนิยาย
บนชั้น
  ขอยืม

รายการใกล้เคียง
    ผู้แต่ง [โยชิคาวะ, เอจิ]

    หัวเรื่อง [วรรณกรรมสำหรับเด็ก]

BibComment


ยังไม่เคยถูกคอมเมนท์

คอมเมนท์ทรัพยากรรายการนี้
  คอมเมนท์: สามก๊ก 1 คำสาบานใ..


 Copyright 2026. Bcnsprnw @Library